[Event "Olympiad Women-28"]
[Site "Thessaloniki"]
[Date "1988.11.27"]
[Round "13"]
[White "Polgar, Judit"]
[Black "Savereide, Diane"]
[Result "1-0"]
[WhiteElo "2365"]
[BlackElo "2245"]
[PlyCount "61"]
[EventDate "1988.11.13"]
[EventType "team-swiss"]
[EventRounds "14"]
[EventCountry "GRE"]
[SourceTitle "EXT 2019"]
[Source "ChessBase"]
[SourceDate "2018.10.10"]
[SourceVersion "1"]
[SourceVersionDate "2018.10.10"]
[SourceQuality "1"]
[WhiteTeam "Hungary (W)"]
[BlackTeam "United States (W)"]
[WhiteTeamCountry "HUN"]
[BlackTeamCountry "USA"]

1. e4 c5 2. Nf3 e6 3. d4 cxd4 4. Nxd4 Nf6 5. Nc3 d6 6. Be2 Be7 7. 0-0 Nc6 8. Be3 0-0 9. f4 Bd7 10. Nb3 a6 11. a4 b6 12. Bf3 Qc7 13. Qe2 Rfd8 14. g4 Be8 15. g5 Nd7 16. Bg2 Nc5 17. Nd4 Nxd4 18. Bxd4 Bc6 19. Qf2 b5 20. axb5 axb5 21. b4 Nd7 22. Rxa8 Rxa8 23. f5 exf5 24. Qxf5 Rf8 25. Nxb5 Bxb5 26. Qxb5 Ne5 27. c3 Bxg5 28. Qd5 g6 29. b5 Bd2 30. Kh1 Qc4 31. Qxd6 1-0

[Event "Olympiad Women-28"]
[Site "Thessaloniki"]
[Date "1988.11.23"]
[Round "10"]
[White "Jackson, Sheila"]
[Black "Savereide, Diane"]
[Result "1/2-1/2"]
[WhiteElo "2245"]
[BlackElo "2245"]
[PlyCount "41"]
[EventDate "1988.11.13"]
[EventType "team-swiss"]
[EventRounds "14"]
[EventCountry "GRE"]
[SourceTitle "EXT 2019"]
[Source "ChessBase"]
[SourceDate "2018.10.10"]
[SourceVersion "1"]
[SourceVersionDate "2018.10.10"]
[SourceQuality "1"]
[WhiteTeam "England (W)"]
[BlackTeam "United States (W)"]
[WhiteTeamCountry "ENG"]
[BlackTeamCountry "USA"]

1. e4 c5 2. c3 Nf6 3. e5 Nd5 4. d4 Nc6 5. Nf3 cxd4 6. cxd4 d6 7. Bc4 e6 8. 0-0 Be7 9. a3 0-0 10. Bd3 Qc7 11. Re1 Rd8 12. Qc2 g6 13. Nc3 dxe5 14. Nxd5 Rxd5 15. dxe5 Qb8 16. Qe2 Nd4 17. Nxd4 Rxd4 18. Bd2 b6 19. Bc3 Rd8 20. Rad1 Bb7 21. Be4 1/2-1/2

[Event "Saint John op-1"]
[Site "Saint John"]
[Date "1988.??.??"]
[Round "?"]
[White "Fong, Juan M"]
[Black "Savereide, Diane"]
[Result "0-1"]
[WhiteElo "2220"]
[BlackElo "2250"]
[PlyCount "82"]
[EventDate "1988.01.24"]
[EventType "swiss"]
[EventRounds "9"]
[EventCountry "CAN"]
[SourceTitle "CBM 006"]
[Source "ChessBase"]
[SourceDate "1988.10.01"]
[SourceVersion "1"]
[SourceVersionDate "1988.10.01"]
[SourceQuality "1"]

1. e4 c5 2. Nf3 e6 3. d4 cxd4 4. Nxd4 Nf6 5. Nc3 d6 6. Be2 Be7 7. 0-0 0-0 8. f4 Nc6 9. Be3 Bd7 10. Nb3 a6 11. a4 b6 12. Bf3 Qc7 13. g4 Rfc8 14. g5 Ne8 15. Bg2 Na5 16. Rf3 Nc4 17. Bc1 b5 18. axb5 axb5 19. Rxa8 Rxa8 20. Rh3 g6 21. f5 b4 22. Ne2 Ra2 23. Nf4 Nxb2 24. Bxb2 Rxb2 25. Nd4 Qc5 26. Kh1 Nc7 27. Qg1 Ra2 28. Nd3 Qa7 29. f6 Bf8 30. Rf3 e5 31. Nc1 exd4 32. Nxa2 Qxa2 33. Qxd4 Qxc2 34. Qxb4 Qc1+ 35. Rf1 Qxg5 36. Qb8 Ne6 37. Ra1 Qxf6 38. Rf1 Qd8 39. Qb3 Bg7 40. Qf3 Qe7 41. Rb1 Be5 0-1

[Event "Saint John op-1"]
[Site "Saint John"]
[Date "1988.??.??"]
[Round "?"]
[White "Ross, David"]
[Black "Savereide, Diane"]
[Result "1-0"]
[WhiteElo "2325"]
[BlackElo "2250"]
[PlyCount "101"]
[EventDate "1988.01.24"]
[EventType "swiss"]
[EventRounds "9"]
[EventCountry "CAN"]
[SourceTitle "CBM 006"]
[Source "ChessBase"]
[SourceDate "1988.10.01"]
[SourceVersion "1"]
[SourceVersionDate "1988.10.01"]
[SourceQuality "1"]

1. d4 Nf6 2. Nf3 g6 3. c4 Bg7 4. Nc3 d5 5. cxd5 Nxd5 6. g3 0-0 7. Bg2 Nb6 8. 0-0 Nc6 9. e3 e5 10. d5 Na5 11. e4 c6 12. Bg5 f6 13. Be3 cxd5 14. Bxb6 axb6 15. Qxd5+ Qxd5 16. Nxd5 Bg4 17. Nxb6 Ra6 18. Nd5 Nc4 19. Rfc1 Nxb2 20. Rab1 Ra3 21. Rxb2 Bxf3 22. Bxf3 Rxf3 23. Rxb7 f5 24. Rcc7 Bf6 25. exf5 gxf5 26. Rxh7 e4 27. Rhd7 Ra3 28. Ra7 Rxa7 29. Nxf6+ Rxf6 30. Rxa7 f4 31. Re7 e3 32. fxe3 fxg3 33. hxg3 Ra6 34. Kf2 Rxa2+ 35. Kf3 Kf8 36. Rb7 Ra6 37. g4 Rf6+ 38. Ke4 Re6+ 39. Kf4 Rf6+ 40. Ke5 Ra6 41. e4 Rc6 42. g5 Ra6 43. Kf5 Rc6 44. e5 Ra6 45. Rd7 Rb6 46. g6 Ra6 47. g7+ Kg8 48. e6 Ra1 49. e7 Rf1+ 50. Ke6 Re1+ 51. Kd6 1-0

[Event "Saint John op-1"]
[Site "Saint John"]
[Date "1988.??.??"]
[Round "?"]
[White "Savereide, Diane"]
[Black "Birnboim, Nathan"]
[Result "0-1"]
[WhiteElo "2250"]
[BlackElo "2465"]
[PlyCount "56"]
[EventDate "1988.01.24"]
[EventType "swiss"]
[EventRounds "9"]
[EventCountry "CAN"]
[SourceTitle "CBM 006"]
[Source "ChessBase"]
[SourceDate "1988.10.01"]
[SourceVersion "1"]
[SourceVersionDate "1988.10.01"]
[SourceQuality "1"]

1. e4 c5 2. Nf3 Nc6 3. d4 cxd4 4. Nxd4 Nf6 5. Nc3 e5 6. Ndb5 d6 7. Bg5 a6 8. Bxf6 gxf6 9. Na3 b5 10. Nd5 f5 11. c3 Bg7 12. exf5 Bxf5 13. Nc2 0-0 14. Nce3 Bg6 15. g4 Be4 16. Bg2 Bxg2 17. Nxg2 e4 18. Qc2 Rc8 19. 0-0-0 Re8 20. Kb1 b4 21. Rhe1 bxc3 22. Rxe4 Rxe4 23. Qxe4 Rb8 24. b3 a5 25. Nxc3 Nb4 26. Nd5 Nxd5 27. Qxd5 Qf6 28. Rd2 Rc8 0-1

[Event "Saint John op-1"]
[Site "Saint John"]
[Date "1988.??.??"]
[Round "?"]
[White "Savereide, Diane"]
[Black "Toshkov, Tihomir"]
[Result "0-1"]
[WhiteElo "2250"]
[BlackElo "2395"]
[PlyCount "70"]
[EventDate "1988.01.24"]
[EventType "swiss"]
[EventRounds "9"]
[EventCountry "CAN"]
[SourceTitle "CBM 006"]
[Source "ChessBase"]
[SourceDate "1988.10.01"]
[SourceVersion "1"]
[SourceVersionDate "1988.10.01"]
[SourceQuality "1"]

1. e4 c5 2. Nf3 e6 3. d4 cxd4 4. Nxd4 a6 5. Bd3 Nf6 6. 0-0 d6 7. c4 Bd7 8. Nc3 Nc6 9. Be3 Ne5 10. f3 Rc8 11. Qe2 Be7 12. Rac1 0-0 13. Kh1 Qc7 14. b3 Qb8 15. Bb1 Ng6 16. g4 Rfe8 17. g5 Nh5 18. f4 Nhxf4 19. Bxf4 e5 20. Bd2 exd4 21. Nd5 b5 22. Qf2 Ne5 23. Qxd4 bxc4 24. bxc4 Bd8 25. Bd3 Rc5 26. h4 Be6 27. Bb4 Nxd3 28. Bxc5 Nxc5 29. Nf4 Qb7 30. Rce1 Be7 31. Rg1 Bf8 32. h5 Bf5 33. Nd5 Rxe4 34. Qf2 Rxe1 35. Rxe1 Be4+ 0-1

[Event "Saint John op-1"]
[Site "Saint John"]
[Date "1988.??.??"]
[Round "?"]
[White "Taylor, Gordon"]
[Black "Savereide, Diane"]
[Result "1/2-1/2"]
[WhiteElo "2335"]
[BlackElo "2250"]
[PlyCount "108"]
[EventDate "1988.01.24"]
[EventType "swiss"]
[EventRounds "9"]
[EventCountry "CAN"]
[SourceTitle "CBM 006"]
[Source "ChessBase"]
[SourceDate "1988.10.01"]
[SourceVersion "1"]
[SourceVersionDate "1988.10.01"]
[SourceQuality "1"]

1. d4 Nf6 2. c4 g6 3. Nc3 d5 4. cxd5 Nxd5 5. e4 Nxc3 6. bxc3 Bg7 7. Bc4 0-0 8. Ne2 c5 9. Be3 Nc6 10. 0-0 Qc7 11. Rc1 Rd8 12. Qd2 Qa5 13. Rfd1 Bd7 14. Bh6 cxd4 15. Bxg7 Kxg7 16. cxd4 Qxd2 17. Rxd2 Rac8 18. f3 Na5 19. Bd3 Rxc1+ 20. Nxc1 Rc8 21. Ne2 Ba4 22. Rb2 b6 23. Kf2 h5 24. Ke1 Rc7 25. Kd2 Nc4+ 26. Bxc4 Rxc4 27. Kd3 Rc8 28. Nc3 Bc6 29. Rb3 Bb7 30. Ra3 a5 31. Rb3 Ba6+ 32. Ke3 b5 33. Nxb5 Rc2 34. Nc3 Rxg2 35. h4 f6 36. Ra3 Rc2 37. Kf4 Bc4 38. e5 Rd2 39. exf6+ exf6 40. Rxa5 Rxd4+ 41. Kg3 f5 42. Ra4 g5 43. hxg5 h4+ 44. Kg2 Kg6 45. Kf2 Rd2+ 46. Ke1 h3 47. Kxd2 h2 48. Rxc4 h1Q 49. f4 Qg2+ 50. Kd3 Qf1+ 51. Ne2 Qf3+ 52. Kd2 Qd5+ 53. Kc3 Qf3+ 54. Kd2 Qd5+ 1/2-1/2

[Event "USA-ch (Women)"]
[Site "Estes Park"]
[Date "1987.??.??"]
[Round "3"]
[White "Dodson, Catherine S"]
[Black "Savereide, Diane"]
[Result "1-0"]
[WhiteElo "2000"]
[BlackElo "2280"]
[PlyCount "55"]
[EventDate "1987.11.??"]
[EventType "tourn"]
[EventRounds "9"]
[EventCountry "USA"]
[SourceTitle "EXT 1997"]
[Source "ChessBase"]
[SourceDate "1996.11.15"]
[SourceVersion "1"]
[SourceVersionDate "1996.11.15"]
[SourceQuality "1"]

1. e4 c5 2. Nf3 e6 3. d4 cxd4 4. Nxd4 Nf6 5. Nc3 d6 6. Be2 Be7 7. 0-0 Nc6 8. Be3 0-0 9. f4 Bd7 10. Nb3 a6 11. a4 b6 12. Bf3 Qc7 13. Qe2 Bc8 14. g4 Re8 15. g5 Nd7 16. Bg2 Rb8 17. Qh5 b5 18. axb5 axb5 19. Nd4 Nxd4 20. Bxd4 g6 21. Qh6 Bf8 22. Qh4 Qc4 23. Rad1 b4 24. Rf3 h5 25. gxh6 Kh7 26. f5 gxf5 27. Rg3 bxc3 28. Qg5 1-0

[Event "Olympiad Women-26"]
[Site "Thessaloniki"]
[Date "1984.11.28"]
[Round "9"]
[White "Savereide, Diane"]
[Black "Acevedo Garcia, Hilda"]
[Result "1-0"]
[WhiteElo "2230"]
[BlackElo "1835"]
[PlyCount "51"]
[EventDate "1984.11.19"]
[EventType "team-swiss"]
[EventRounds "14"]
[EventCountry "GRE"]
[SourceTitle "EXT 2019"]
[Source "ChessBase"]
[SourceDate "2018.10.10"]
[SourceVersion "1"]
[SourceVersionDate "2018.10.10"]
[SourceQuality "1"]
[WhiteTeam "United States (W)"]
[BlackTeam "Mexico (W)"]
[WhiteTeamCountry "USA"]
[BlackTeamCountry "MEX"]

1. e4 c5 2. Nf3 d6 3. d4 cxd4 4. Nxd4 Nf6 5. Nc3 a6 6. Bc4 e6 7. Bb3 b5 8. 0-0 Be7 9. f4 Bb7 10. Be3 0-0 11. e5 dxe5 12. fxe5 Nfd7 13. Qg4 Nxe5 14. Qg3 Nc4 15. Bxc4 bxc4 16. Rad1 Nd7 17. Nde2 f5 18. Nf4 Qc8 19. Nxe6 Rf7 20. Rxf5 Bh4 21. Rxf7 Bxg3 22. Rxg7+ Kh8 23. Rdxd7 Be5 24. Rxh7+ Kg8 25. Rdg7+ Bxg7 26. Rxg7+ 1-0

[Event "Lewisham op"]
[Site "Lewisham"]
[Date "1984.09.??"]
[Round "3"]
[White "Ady, Jonathan James"]
[Black "Savereide, Diane"]
[Result "1-0"]
[WhiteElo "2260"]
[BlackElo "2175"]
[PlyCount "51"]
[EventDate "1984.09.??"]
[EventType "swiss"]
[EventRounds "9"]
[EventCountry "ENG"]
[SourceTitle "EXT 2007"]
[Source "ChessBase"]
[SourceDate "2006.11.23"]
[SourceVersion "1"]
[SourceVersionDate "2006.11.23"]
[SourceQuality "1"]

1. e4 c5 2. Nf3 e6 3. d4 cxd4 4. Nxd4 Nf6 5. Nc3 d6 6. f4 Nc6 7. Be3 Be7 8. Qf3 a6 9. 0-0-0 Qc7 10. g4 Nxd4 11. Bxd4 e5 12. fxe5 dxe5 13. Qg3 Bd6 14. Be3 Bxg4 15. h3 Bxd1 16. Qxg7 0-0-0 17. Qxf6 Qa5 18. Bd3 Bh5 19. Qf5+ Rd7 20. Qxh5 Bb4 21. Nd5 Qxa2 22. Nxb4 Qa1+ 23. Kd2 Qxh1 24. Qxe5 Rhd8 25. Bf4 Rd6 26. Qc5+ 1-0

[Event "Lewisham op"]
[Site "Lewisham"]
[Date "1984.09.??"]
[Round "8"]
[White "Savereide, Diane"]
[Black "Richmond, Peter A"]
[Result "1-0"]
[WhiteElo "2175"]
[BlackElo "2245"]
[PlyCount "61"]
[EventDate "1984.09.??"]
[EventType "swiss"]
[EventRounds "9"]
[EventCountry "ENG"]
[SourceTitle "EXT 2007"]
[Source "ChessBase"]
[SourceDate "2006.11.23"]
[SourceVersion "1"]
[SourceVersionDate "2006.11.23"]
[SourceQuality "1"]

1. e4 e5 2. Nf3 Nc6 3. Bb5 a6 4. Ba4 Nf6 5. 0-0 Nxe4 6. d4 b5 7. Bb3 d5 8. dxe5 Be6 9. a4 Nc5 10. axb5 Nxb3 11. cxb3 axb5 12. Rxa8 Qxa8 13. Nc3 Na7 14. Nd4 c5 15. Nxe6 fxe6 16. Qg4 Qc6 17. Bg5 b4 18. Ne2 Nb5 19. Ra1 Nc7 20. Nf4 Kd7 21. Qh5 c4 22. bxc4 dxc4 23. Rd1+ Nd5 24. Qf7+ Kc8 25. Nxe6 Be7 26. Bxe7 c3 27. Nd4 Qa4 28. Qe6+ Qd7 29. Qa6+ Qb7 30. Qc4+ Kd7 31. Nc6 1-0

[Event "Lewisham op"]
[Site "Lewisham"]
[Date "1984.09.??"]
[Round "5"]
[White "Smart, Leslie"]
[Black "Savereide, Diane"]
[Result "0-1"]
[WhiteElo "2220"]
[BlackElo "2175"]
[PlyCount "70"]
[EventDate "1984.09.??"]
[EventType "swiss"]
[EventRounds "9"]
[EventCountry "ENG"]
[SourceTitle "EXT 2007"]
[Source "ChessBase"]
[SourceDate "2006.11.23"]
[SourceVersion "1"]
[SourceVersionDate "2006.11.23"]
[SourceQuality "1"]

1. e4 c5 2. Nf3 e6 3. d4 cxd4 4. Nxd4 Nf6 5. Nc3 d6 6. g4 a6 7. g5 Nfd7 8. Bg2 Nc6 9. h4 Be7 10. a4 Qb6 11. Nb3 Qc7 12. Bf4 b6 13. 0-0 Bb7 14. Qg4 Nde5 15. Qg3 Nc4 16. Rfe1 Rc8 17. Rad1 Nb4 18. e5 d5 19. Nd4 Nxb2 20. Rb1 Qxc3 21. Qxc3 Rxc3 22. Rxb2 Bc5 23. Be3 Ra3 24. Bf1 0-0 25. Reb1 Rxa4 26. c3 Nc6 27. Nxc6 Bxc6 28. Bxc5 bxc5 29. Rb6 Bb5 30. Bxb5 axb5 31. R1xb5 Rxh4 32. Rb8 Rg4+ 33. Kf1 g6 34. Rxf8+ Kxf8 35. Rxc5 Rxg5 0-1

[Event "Lewisham op"]
[Site "Lewisham"]
[Date "1984.09.??"]
[Round "9"]
[White "Wall, Tim"]
[Black "Savereide, Diane"]
[Result "0-1"]
[WhiteElo "2220"]
[BlackElo "2175"]
[PlyCount "46"]
[EventDate "1984.09.??"]
[EventType "swiss"]
[EventRounds "9"]
[EventCountry "ENG"]
[SourceTitle "EXT 2007"]
[Source "ChessBase"]
[SourceDate "2006.11.23"]
[SourceVersion "1"]
[SourceVersionDate "2006.11.23"]
[SourceQuality "1"]

1. e4 c5 2. Nc3 e6 3. Nf3 d6 4. d4 cxd4 5. Nxd4 Nf6 6. g4 a6 7. g5 Nfd7 8. h4 b5 9. Qe2 Nb6 10. Bg2 N8d7 11. h5 Nc5 12. b3 Bb7 13. Rh3 b4 14. Na4 Nbxa4 15. bxa4 Be7 16. a3 Bxg5 17. axb4 Bxc1 18. bxc5 Bb2 19. Nxe6 Qa5+ 20. Kf1 Bxa1 21. Qg4 Bc8 22. e5 Bxe6 23. Bc6+ Kf8 0-1

[Event "Lloyds Bank op 08th"]
[Site "London"]
[Date "1984.??.??"]
[Round "9"]
[White "Lane, Gary William"]
[Black "Savereide, Diane"]
[Result "1-0"]
[WhiteElo "2310"]
[BlackElo "2175"]
[PlyCount "63"]
[EventDate "1984.08.??"]
[EventType "swiss"]
[EventRounds "9"]
[EventCountry "ENG"]
[SourceTitle "MCL"]
[Source "ChessBase"]
[SourceDate "1999.07.01"]
[SourceVersion "1"]
[SourceVersionDate "1999.07.01"]
[SourceQuality "1"]

1. e4 c5 2. c3 Nf6 3. e5 Nd5 4. d4 cxd4 5. Nf3 Nc6 6. Bc4 e6 7. cxd4 d6 8. exd6 Qxd6 9. 0-0 Be7 10. Nc3 0-0 11. Nb5 Qd8 12. Be3 Bd7 13. Nc3 Ncb4 14. Bb3 Rc8 15. a3 Nxc3 16. bxc3 Nd5 17. c4 Nb6 18. Ne5 Bf6 19. Qg4 Ba4 20. Ba2 Qe7 21. Qg3 Kh8 22. Rfc1 Nd7 23. Rc3 Bxe5 24. dxe5 Nc5 25. f3 Rfd8 26. Rf1 Rd3 27. Rxd3 Nxd3 28. Bb1 Qxa3 29. Qh4 b6 30. Qe4 Rd8 31. Bd4 Rxd4 32. Qa8+ 1-0

[Event "Olympiad Women-10"]
[Site "Luzern"]
[Date "1982.11.12"]
[Round "12"]
[White "Savereide, Diane"]
[Black "Soppe, Edith"]
[Result "1-0"]
[WhiteElo "2265"]
[BlackElo "2015"]
[PlyCount "73"]
[EventDate "1982.10.30"]
[EventType "team-swiss"]
[EventRounds "14"]
[EventCountry "SUI"]
[SourceTitle "EXT 2019"]
[Source "ChessBase"]
[SourceDate "2018.10.10"]
[SourceVersion "1"]
[SourceVersionDate "2018.10.10"]
[SourceQuality "1"]
[WhiteTeam "United States (W)"]
[BlackTeam "Argentina (W)"]
[WhiteTeamCountry "USA"]
[BlackTeamCountry "ARG"]

1. e4 c5 2. Nf3 e6 3. d4 cxd4 4. Nxd4 a6 5. Bd3 Nc6 6. Nxc6 bxc6 7. 0-0 Qc7 8. c4 Nf6 9. Nc3 Be7 10. Qe2 e5 11. f4 d6 12. f5 Bb7 13. Be3 0-0 14. Rac1 Rab8 15. g4 h6 16. g5 hxg5 17. Bxg5 Qd8 18. Qg2 Qa5 19. Bh6 Nh5 20. Bxg7 Nxg7 21. f6 Bxf6 22. Rxf6 Qd8 23. Qg5 Re8 24. Rcf1 Re6 25. Be2 Bc8 26. Bh5 Rxf6 27. Rxf6 Be6 28. b3 Qb6+ 29. Kg2 Qd8 30. Bf3 Qe7 31. Ne2 Kf8 32. Qh6 Kg8 33. Ng3 Ne8 34. Nh5 Qf8 35. Qg5+ Ng7 36. Rh6 f5 37. Rxe6 1-0

[Event "Olympiad Women-10"]
[Site "Luzern"]
[Date "1982.11.07"]
[Round "8"]
[White "Savereide, Diane"]
[Black "Bellin, Jana"]
[Result "1/2-1/2"]
[WhiteElo "2265"]
[BlackElo "2240"]
[PlyCount "61"]
[EventDate "1982.10.30"]
[EventType "team-swiss"]
[EventRounds "14"]
[EventCountry "SUI"]
[SourceTitle "EXT 2019"]
[Source "ChessBase"]
[SourceDate "2018.10.10"]
[SourceVersion "1"]
[SourceVersionDate "2018.10.10"]
[SourceQuality "1"]
[WhiteTeam "United States (W)"]
[BlackTeam "England (W)"]
[WhiteTeamCountry "USA"]
[BlackTeamCountry "ENG"]

1. e4 c6 2. d4 d5 3. exd5 cxd5 4. Bd3 Nc6 5. c3 g6 6. Nf3 Nh6 7. 0-0 Bf5 8. Re1 Bxd3 9. Qxd3 Bg7 10. c4 0-0 11. Nc3 Nb4 12. Qe2 dxc4 13. Bxh6 Bxh6 14. Ne5 Rc8 15. Rad1 e6 16. Nxc4 Nd5 17. Ne4 Nf4 18. Qf1 Qc7 19. Ne3 Bg7 20. g3 Nd5 21. Nxd5 exd5 22. Nc3 Qc4 23. Qxc4 Rxc4 24. Nxd5 Rxd4 25. Rxd4 Bxd4 26. Re4 Bxb2 27. Rb4 Rd8 28. Ne7+ Kf8 29. Rxb2 Kxe7 30. Rxb7+ Rd7 31. Rb3 1/2-1/2

[Event "Olympiad Women-10"]
[Site "Luzern"]
[Date "1982.11.05"]
[Round "6"]
[White "Savereide, Diane"]
[Black "Brustman, Agnieszka"]
[Result "1-0"]
[WhiteElo "2265"]
[BlackElo "2175"]
[PlyCount "113"]
[EventDate "1982.10.30"]
[EventType "team-swiss"]
[EventRounds "14"]
[EventCountry "SUI"]
[SourceTitle "EXT 2019"]
[Source "ChessBase"]
[SourceDate "2018.10.10"]
[SourceVersion "1"]
[SourceVersionDate "2018.10.10"]
[SourceQuality "1"]
[WhiteTeam "United States (W)"]
[BlackTeam "Poland (W)"]
[WhiteTeamCountry "USA"]
[BlackTeamCountry "POL"]

1. e4 e5 2. Nf3 Nc6 3. Bb5 a6 4. Ba4 Nf6 5. 0-0 Be7 6. Re1 b5 7. Bb3 d6 8. c3 0-0 9. h3 Na5 10. Bc2 c5 11. d4 Qc7 12. d5 c4 13. Nbd2 Nb7 14. Nf1 a5 15. g4 h6 16. Ng3 Re8 17. Nf5 Bxf5 18. gxf5 Nc5 19. Qe2 Rec8 20. Kh2 Qb7 21. Rg1 Kh8 22. Bd2 b4 23. Rg2 b3 24. axb3 cxb3 25. Bd3 Nxd3 26. Qxd3 Qa6 27. Qxa6 Rxa6 28. Ra4 Bd8 29. Be3 Bb6 30. Bxb6 Rxb6 31. Nd2 Ra8 32. Rg1 Nd7 33. Rga1 Rba6 34. Nxb3 Rb8 35. Rxa5 Rab6 36. Nd2 Rxb2 37. R1a2 Nc5 38. Kg2 Kh7 39. Rxb2 Rxb2 40. Nc4 Rc2 41. Nxd6 Rxc3 42. Rxc5 Rxc5 43. Nxf7 Rc1 44. Nxe5 Rd1 45. Ng6 Rd3 46. f3 h5 47. Kg3 Kh6 48. h4 Kh7 49. Nf4 Rd1 50. Nxh5 Kg8 51. Nf4 Kf7 52. Ne6 Kf6 53. Kf4 Kf7 54. Ke5 Ra1 55. d6 Ra5+ 56. Kf4 Ra7 57. e5 1-0

[Event "Olympiad Women-10"]
[Site "Luzern"]
[Date "1982.11.02"]
[Round "4"]
[White "Hund, Barbara"]
[Black "Savereide, Diane"]
[Result "1-0"]
[WhiteElo "2205"]
[BlackElo "2265"]
[PlyCount "75"]
[EventDate "1982.10.30"]
[EventType "team-swiss"]
[EventRounds "14"]
[EventCountry "SUI"]
[SourceTitle "EXT 2019"]
[Source "ChessBase"]
[SourceDate "2018.10.10"]
[SourceVersion "1"]
[SourceVersionDate "2018.10.10"]
[SourceQuality "1"]
[WhiteTeam "Germany (W)"]
[BlackTeam "United States (W)"]
[WhiteTeamCountry "GER"]
[BlackTeamCountry "USA"]

1. e4 c5 2. Nf3 e6 3. d4 cxd4 4. Nxd4 Nf6 5. Nc3 d6 6. Be2 Be7 7. 0-0 0-0 8. f4 Nc6 9. Be3 Bd7 10. Kh1 a6 11. a4 Qc7 12. Qe1 Nxd4 13. Bxd4 Bc6 14. Qg3 g6 15. Bd3 Nh5 16. Qf2 Nxf4 17. Qxf4 e5 18. Qf2 exd4 19. Qxd4 Bg5 20. Bc4 Bh6 21. Rad1 Rad8 22. Nd5 Bxd5 23. Qxd5 Qe7 24. e5 Qxe5 25. Qxb7 Rb8 26. Qxa6 Bf4 27. Rde1 Qg5 28. g3 Bd2 29. Re2 d5 30. Bb3 Rbd8 31. Qd3 Ba5 32. Qe3 Qg4 33. Qf3 Qh3 34. Rd1 d4 35. Rf2 Rd7 36. Rxd4 Re7 37. Re4 Rd7 38. Rh4 1-0

[Event "Interzonal Woman-05b"]
[Site "Tbilisi"]
[Date "1982.??.??"]
[Round "?"]
[White "Minogina, Tamara"]
[Black "Savereide, Diane"]
[Result "1/2-1/2"]
[WhiteElo "2020"]
[BlackElo "2255"]
[PlyCount "104"]
[EventDate "1982.09.??"]
[EventType "tourn"]
[EventRounds "15"]
[EventCountry "URS"]
[SourceTitle "EXT 2010"]
[Source "ChessBase"]
[SourceDate "2010.11.25"]
[SourceVersion "1"]
[SourceVersionDate "2010.11.25"]
[SourceQuality "1"]

1. d4 Nf6 2. Nf3 g6 3. c4 Bg7 4. Nc3 d5 5. Bd2 0-0 6. cxd5 Nxd5 7. Rc1 Nc6 8. e3 e5 9. Nxd5 Qxd5 10. Bc4 Qd6 11. dxe5 Nxe5 12. Nxe5 Bxe5 13. Qb3 a5 14. Bc3 a4 15. Qb5 Bxc3+ 16. Rxc3 Bd7 17. Qd5 Qxd5 18. Bxd5 c6 19. Bc4 Rfe8 20. a3 Be6 21. Ke2 Bxc4+ 22. Rxc4 Re5 23. Rd1 Rb5 24. Rd2 Rb3 25. Kd1 Ra5 26. Kc2 Rab5 27. Kc1 Ra5 28. Kb1 Kf8 29. Ka2 Rbb5 30. Rdd4 Rf5 31. f4 Rfd5 32. Kb1 Rxd4 33. Rxd4 Ke7 34. h3 h5 35. Rb4 b5 36. Re4+ Kd6 37. Kc2 c5 38. f5 Ra7 39. f6 Rd7 40. Re8 Kc7 41. Rf8 Kd6 42. Re8 Kc6 43. g4 hxg4 44. hxg4 Rd6 45. Rc8+ Kd5 46. g5 Re6 47. Kd3 Re5 48. e4+ Kd6 49. Rd8+ Ke6 50. Re8+ Kd6 51. Rd8+ Ke6 52. Re8+ Kd6 1/2-1/2

[Event "Olympiad Women-09"]
[Site "Valetta"]
[Date "1980.12.04"]
[Round "13"]
[White "Savereide, Diane"]
[Black "Chiburdanidze, Maia"]
[Result "0-1"]
[WhiteElo "2140"]
[BlackElo "2400"]
[PlyCount "66"]
[EventDate "1980.11.20"]
[EventType "team-swiss"]
[EventRounds "14"]
[EventCountry "MLT"]
[SourceTitle "EXT 2019"]
[Source "ChessBase"]
[SourceDate "2018.10.10"]
[SourceVersion "1"]
[SourceVersionDate "2018.10.10"]
[SourceQuality "1"]
[WhiteTeam "United States (W)"]
[BlackTeam "Soviet Union (W)"]
[WhiteTeamCountry "USA"]
[BlackTeamCountry "URS"]

1. e4 c5 2. Nf3 d6 3. d4 cxd4 4. Nxd4 Nf6 5. Nc3 g6 6. Be3 Bg7 7. f3 Nc6 8. Qd2 0-0 9. g4 e5 10. Ndb5 a6 11. Nxd6 Nd4 12. Bxd4 exd4 13. Nxc8 Rxc8 14. Ne2 Qb6 15. Rb1 Nd7 16. Nf4 Bh6 17. h4 Bxf4 18. Qxf4 Rxc2 19. Bd3 Qb4+ 20. Kf1 Rxb2 21. Rxb2 Qxb2 22. Qc7 Qa1+ 23. Kg2 Qxa2+ 24. Kh3 Qe6 25. Rb1 h5 26. Rxb7 hxg4+ 27. fxg4 Ne5 28. Be2 Rc8 29. Rb8 Rxb8 30. Qxb8+ Kg7 31. Qb2 d3 32. Bd1 Qf6 33. Qd4 Nxg4 0-1

[Event "Olympiad Women-09"]
[Site "Valetta"]
[Date "1980.11.26"]
[Round "6"]
[White "Savereide, Diane"]
[Black "Erenska Barlo, Hanna"]
[Result "0-1"]
[WhiteElo "2140"]
[BlackElo "2215"]
[PlyCount "40"]
[EventDate "1980.11.20"]
[EventType "team-swiss"]
[EventRounds "14"]
[EventCountry "MLT"]
[SourceTitle "EXT 2019"]
[Source "ChessBase"]
[SourceDate "2018.10.10"]
[SourceVersion "1"]
[SourceVersionDate "2018.10.10"]
[SourceQuality "1"]
[WhiteTeam "United States (W)"]
[BlackTeam "Poland (W)"]
[WhiteTeamCountry "USA"]
[BlackTeamCountry "POL"]

1. e4 c5 2. Nf3 d6 3. d4 cxd4 4. Nxd4 Nf6 5. Nc3 e6 6. g4 Nc6 7. g5 Nd7 8. Ndb5 Nb6 9. Bf4 Ne5 10. Qh5 g6 11. Qe2 Nec4 12. 0-0-0 e5 13. Nd5 Nxd5 14. exd5 a6 15. Nc3 b5 16. b3 Qa5 17. Nb1 Be7 18. bxc4 exf4 19. Rd4 Bf5 20. Rxf4 Qxa2 0-1